000 00655nam a2200157 a 4500
008 201127s2014 ||||||||||||||||| || u
050 _aUPEACE(05)APCJ/2014/7/1
110 _aUNIVERSITY FOR PEACE
245 1 0 _aAfrica peace and conflict journal : volume 7 number 1 June 2014
_cBy University for Peace(UPEACE)
260 _aAddis Ababa
_bUNIVERSITY FOR PEACE
_c2014
300 _avii, 107 pages
650 0 _aPEACE
650 _aCONFLICT--AFRICA--PERIODICAL
650 _aPEACE--AFRICA--PERIODICAL
995 _FCBU-MAIN LIBRARY (Kitwe)
_M1
_UAVAILABLE
_WNov 27, 2020
_ZInternational Publications
999 _c33699
_d33699